000 01147nam a2200313 c 4500
003 BLK
005 20240828110554.0
008 180408b bul|||||r ||||||| ||bul||
010 _aKNG00098814000
020 _a978-954-26-0890-5
_bиздат.: Хермес
040 _aBLK
041 _aBUL
_cBUL
072 7 _2bullib
_aН8400
_xБългарска поезия Н
080 _aБългарска литература
_b821.163.2
_x-1
_z821.163.2-1
100 1 _aКостадинов, Красимир Славчев
_eпърви автор
_9305728
139 _aКостадинов, Красимир Славчев
_bК 86
245 1 0 _a[Двадесет и осем] 28 години мълчание
_bСтихове
_cКрасимир Славчев Костадинов.
257 _aBGR
260 Пловдив
_bХермес
_c2010
_fСофия : Мипекс
300 _a32 с.
_c20 см
380 _aX
659 _aН
852 _aЦб 250402
856 4 _qpdf
_u
856 4 _qpdf
_u
942 _cKNG
_n0
_01
944 _aCR
_c16.12.2010
_lМинев Младен
_k30530
944 _aED
_c13.02.2012
_lф /
_k
999 _c93996
_d93996